| 000 | 01136cam a22002054a 4500 | ||
|---|---|---|---|
| 005 | 20250605163932.0 | ||
| 008 | 250528s ||||||||||||||||||||||||d | ||
| 035 | _a14730 | ||
| 020 | _a471903140 | ||
| 040 |
_aGR-AtMCL _bgre _dGR-AtMCL _eAACR2 |
||
| 245 | 1 | _aPsychology and Social Problems / An Introduction to Applied Psychology | |
| 260 |
_bJohn Wiley & Sons, _c1993 |
||
| 300 | _a376 | ||
| 520 | _aEach chapter of this book is a case study showing how psychological knowledge increases our understanding of a specific area of social concern. Foreword, Preface, The Nature of Applied Psychology, Problems of Childhood, Delinquent and Criminal Behavior, Failures of Academic Achievement, Occupational Guidance and Unemployment, Satisfaction at Work, Management and Industrial Relations, Accidents and Safety, Anxiety and Depression, Sexual Difficulties, Drug and Alcohol Dependence, Smoking, Intergroup Conflict, Blindness and Deafness, Mental Subnormality in Childhood and Adulthood, Ageing, Subject Index. | ||
| 700 | 1 |
_aChapman Antony J _9476 |
|
| 700 | 1 |
_aGale Anthony _9477 |
|
| 942 | _cBK | ||
| 999 |
_c350 _d350 |
||